000
00255nam a22001217a 4500
008
171207b xxu||||| |||| 00| 0 eng d
041
_a
eng
080
_a
22
100
_a
26
101
_a
THEO
245
_a
HOLY BIBLE
_c
HARTDEGEN,S,J
942
_2
udc
_c
BK
999
_c
38817
_d
38817